Hindu pasts : (Record no. 102245)

MARC details
000 -LEADER
fixed length control field 01001nam a22002537a 4500
005 - DATE AND TIME OF LATEST TRANSACTION
control field 20230727111820.0
010 ## - LCCN (DPL NO)
LC control number ENG-118411 B-663884 ENG-137589
020 ## - INTERNATIONAL STANDARD BOOK NUMBER
International Standard Book Number 9788178243993
Terms of availability 895.00
035 ## - SYSTEM CONTROL NUMBER
System control number B-647741-745
035 ## - SYSTEM CONTROL NUMBER
System control number EN-101943
035 ## - SYSTEM CONTROL NUMBER
System control number B-663884
035 ## - SYSTEM CONTROL NUMBER
System control number EN-121121
037 ## - SOURCE OF ACQUISITION
Stock number DPL
Source of stock number/acquisition Book well
037 ## - SOURCE OF ACQUISITION
Source of stock number/acquisition DBAD/PUB
082 ## - DEWEY DECIMAL CLASSIFICATION NUMBER
Classification number 230
100 ## - MAIN ENTRY--PERSONAL NAME
Personal name Dalmia, Vasudha
245 ## - TITLE STATEMENT
Title Hindu pasts :
Remainder of title women,relgion,history/
Statement of responsibility, etc by Vasudha Dalmia
260 ## - PUBLICATION, DISTRIBUTION, ETC. (IMPRINT)
Place of publication, distribution, etc Ranikhet
Name of publisher, distributor, etc Permanent Black
Date of publication, distribution, etc 2015
270 ## - ADDRESS
Address 'Himalayana',Mall Road,Ranikhet Cantt,
City Ranykhet
Postal code 263645
300 ## - PHYSICAL DESCRIPTION
Extent 366p.
Other physical details 23cm.(Hb)
942 ## - ADDED ENTRY ELEMENTS (KOHA)
Source of classification or shelving scheme Dewey Decimal Classification
Item type English Books
Call number suffix DAL
Classification part 230
Holdings
Withdrawn status Lost status Not for loan Collection code Home library Current library Date acquired Source of acquisition Cost, normal purchase price Full call number Barcode Copy number Cost, replacement price Koha item type
      Non-fiction Ashok Vihar Ashok Vihar 28/02/2018 Bookwell-BL 1028/25.2.17/443/15.2.17/1.3.17 895.00 230 DAL B-663884 1 895.00 English Books
    Not For Loan Non-fiction D.B.Act.Division Bawana 25/05/2017 DBAD/PUB 895.00 230 DAL EN-101943 1 895.00 English Books
      Non-fiction Central Library Central Library 09/03/2017 BPPD/EN/2016-17/287/24.11.2016/0716/7.12.2016/2.1.2017 895.00 230 DAL B-647741 1 895.00 English Books
    Not For Loan Reference Central Library Central Library 09/03/2017 BPPD/EN/2016-17/287/24.11.2016/0716/7.12.2016/2.1.2017 895.00 230 DAL B-647742 1 895.00 English Books
      Non-fiction Kasturba Gandhi Marg Kasturba Gandhi Marg 09/03/2017 BPPD/EN/2016-17/287/24.11.2016/0716/7.12.2016/2.1.2017 895.00 230 DAL B-647745 1 895.00 English Books
      Non-fiction New Police Line New Police Line 09/03/2017 BPPD/EN/2016-17/287/24.11.2016/0716/7.12.2016/2.1.2017 895.00 230 DAL B-647743 1 895.00 English Books
      Non-fiction Patel Nagar Patel Nagar 09/03/2017 BPPD/EN/2016-17/287/24.11.2016/0716/7.12.2016/2.1.2017 895.00 230 DAL B-647744 1 895.00 English Books
      Non-fiction Shahdara Branch Shahdara Branch 27/07/2023 DBAD/PUB 895.00 230 DAL EN-121121 1 895.00 English Books

© Delhi Public Library
Hit Counter
free hit counter